Щати на Индия - Statistics

General Stats
  • This quiz has been taken 205 times
  • The average score is 17 of 36
Answers on the Map
Answers color-coded by a green-red scale on the quiz's map according to % correct below.
 
Answer Stats
Щати % Correct
Делхи
87%
Пенджаб
70%
Утар Прадеш
70%
Западна Бенгалия
67%
Андра Прадеш
65%
Джаму и Кашмир
65%
Керала
65%
Гоа
63%
Раджастан
63%
Тамил Наду
61%
Ладакх
59%
Аруначал Прадеш
54%
Гуджарат
54%
Сиким
54%
Ориса
52%
Бихар
50%
Карнатака
50%
Махаращра
50%
Мадхя Прадеш
48%
Химачал Прадеш
43%
Пондичери
43%
Мизорам
41%
Утаракханд
41%
Андамански и Никобарски острови
41%
Харяна
39%
Трипура
39%
Дадра и Нагар Хавели и Даман и Диу
39%
Асам
37%
Телангана
35%
Чандигарх
33%
Чхатисгарх
30%
Манипур
30%
Мегхалая
20%
Джаркханд
17%
Нагаланд
17%
Лакшадвип
17%
No matching quizzes found
Score Distribution
Percent of People with Each Score
Percentile by Number Answered
Your Score History
You have not taken this quiz